000 00210 a2200097 4500
100 _aA M I
245 _aTareeqa alhadeeda
260 _a
_bDarul Ashaat
_c
090 _c32220
_d32220
942 _aNUST-CAE
_cM
_c24693
999 _c416606
_d416606